zpět

Detail výsledku týmu

Na Pražci, Blansko

Datum a čas kvízu

16 Celkem bodů Celkový počet nahraných bodů na tomto kvízu bez doplňovacích otázek.
12. Pořadí na kvízu Konečné umístění týmu na tomto kvízu.

Zaznamenané odpovědi

# Otázka Odpověď Body Výsledky
1. Jisté středočeské město předst... 0
2. Další z absurdních nařízení má... 0
3. Pirátská strana využila ve své... 1
4. Končící britská velvyslankyně... 0
5. Anketu Sportovec roku 2017 ovl... 0
6. Současný prezident Miloš Zeman... 0
7. Profesor Jiří Drahoš je svým v... 1
8. Kdo vlastně vyhlašuje preziden... 1
9. Se kterým kandidátem je spojen... 0
10. Jedním ze smyšlených kandidátů... 0